Normal view
MARC view
- Mr. Fazli Azeem.
Entry Personal Name
001 - CONTROL NUMBER
- control field: 19383
003 - CONTROL NUMBER IDENTIFIER
- control field: NUST
005 - DATE AND TIME OF LATEST TRANSACTION
- control field: 20190820065504.0
008 - FIXED-LENGTH DATA ELEMENTS
- fixed length control field: 190820|| aca||aabn | a|a d
040 ## - CATALOGING SOURCE
- Original cataloging agency: NUST
- Transcribing agency: NUST
100 ## - HEADING--PERSONAL NAME
- Personal name: Mr. Fazli Azeem.
670 ## - SOURCE DATA FOUND
- Source citation: Work cat.: (NUST): Amir Raza, Syed 19382, Role of SECP Regulations in Effective Functioning of Secondary Capital Markets in Pakistan /, 2013.
